000 00563nam a2200193Ia 4500
005 20260114185656.0
008 008 260114s9999 xx 000 0 eng d
020 _a9780755625574
037 _aEBOOK
040 _aCRL
_beng
_cCRL
041 _aeng
_2eng
084 _qCRL
100 _aC. Brad Faught
_9872996
245 0 _aInto Africa The Imperial Life of Margery Perham
260 _bBloomsbury
_c2012
856 _uhttps://doi.org/10.5040/9780755625574?locatt=label:secondary_bloomsburyCollections
942 _cEBOOK
999 _c1471944
_d1471944